Autá značky VW sa rodia v Bratislave

Rozhovor s ekonomicko-obchodným riaditeľom spoločnosti Volkswagen Bratislava, s.r.o. Ing. J. Uhríkom. Hodnotenie doterajšieho vývoja spoločnosti Volkswagen od jej založenia v r.1991. Vlastnícka a organizačná štruktúra firmy Volkswagen, s.r.o., systém dodávateľsko-odberateľských vzťahov, ťažiskový so...

Ausführliche Beschreibung

Gespeichert in:
Bibliographische Detailangaben
1. Verfasser: Uhrík, Jozef
Weitere Verfasser: Janek, Miroslav
Format: Buchkapitel
Sprache:Slowakisch
Schlagworte:
Tags: Tag hinzufügen
Keine Tags, Fügen Sie das erste Tag hinzu!

MARC

LEADER 00000naa a2200000 4500
001 r027176
005 20230606082713.5
041 0 |a slo 
044 |a SK 
245 1 0 |a Autá značky VW sa rodia v Bratislave  |c Jozef Uhrík, Miroslav Janek 
520 |a Rozhovor s ekonomicko-obchodným riaditeľom spoločnosti Volkswagen Bratislava, s.r.o. Ing. J. Uhríkom. Hodnotenie doterajšieho vývoja spoločnosti Volkswagen od jej založenia v r.1991. Vlastnícka a organizačná štruktúra firmy Volkswagen, s.r.o., systém dodávateľsko-odberateľských vzťahov, ťažiskový sortiment výrobného programu. Hodnotenie rozvoja automobilového priemyslu na Slovensku. 
610 2 0 |a Volkswagen Bratislava, s.r.o. Bratislava 
610 2 0 |a štruktúra organizačná 
610 2 0 |a automobily 
610 2 0 |a priemysel automobilový 
610 2 0 |a automobilizmus 
610 2 0 |a Slovensko 
100 1 |a Uhrík, Jozef 
700 1 |a Janek, Miroslav